Normal view
MARC view
- Sun, Jiawei.
Entry Personal Name
001 - CONTROL NUMBER
- control field: 53084
003 - CONTROL NUMBER IDENTIFIER
- control field: OSt
005 - DATE AND TIME OF LATEST TRANSACTION
- control field: 20240222144447.0
008 - FIXED-LENGTH DATA ELEMENTS
- fixed length control field: 240222|| aca||aabn | a|a d
040 ## - CATALOGING SOURCE
- Original cataloging agency: OSt
- Transcribing agency: OSt
100 ## - HEADING--PERSONAL NAME
- Personal name: Sun, Jiawei.
- Relator term: author.
670 ## - SOURCE DATA FOUND
- Source citation: Work cat.: (OSt): Sun, Jiawei. author., Optimal fault-tolerant control of multiphase drives under open-phase/open-switch faults based on DC current injection /, May 2022.
